000 00626nam a2200241Ia 4500
003 OSt
005 20221005050606.0
006 a|||||r|||| 00| 0
007 ta
008 221004b |||||||| |||| 00| 0 urd d
024 _a8350
037 _cTextual
040 _aCRL
_cCRL
_burd
041 _2urd
_aurd
082 _aO168,3N2HM,4, N5
100 _aHajra Masroor
_9594853
245 0 _aChoori Chupe
260 _aLahore
_bMaktaba Fasana Khawan
_c1950
300 _a192p.
_ccm.
650 _aURDU LITERATURE
942 _hO168,3N2HM,4, N5
_cTEXL
_2cc
999 _c957350
_d957350